NBA Milestones - Stadiums - Statistics

General Stats
  • This quiz has been taken 10 times
  • The average score is 6 of 14
Answer Stats
Where did? Stadium % Correct
Lebron James set a Career Points Record Crypto.com Arena
100%
Stephen Curry set a Career Three-Pointers Record Madison Square Garden
80%
Michael Ryan feel the wrath of Ron Artest Palace of Auburn Hills
60%
Klay Thompson Set the Single-Game Three Pointer Record United Centre
60%
Wilt Chamberlain set the Single-Game Rebounds Record Convention Hall
40%
Shaq break a backboard mid-game against the Nets Meadowlands Arena
40%
Kobe Bryant score 81 Points Staples Centre
40%
Michael Jordan win his first 3-Peat America West Arena
20%
Scott Skiles set the Single-Game Assists Record Amway Arena
20%
Johnny Most make basketball’s most famous call "Havlicek Stole the Ball!!!" Boston Garden
20%
and his second 3-peat? Delta Center
20%
The Warriors and the Suns tie the record for most combined technical fouls in a quarter Footprint Centre
20%
Wilt Chamberlain score 100 Points Hershey Sports Arena
20%
Larry Keenon set the Single-Game Steals Record Omaha Civic Auditorium
20%
No matching quizzes found
Score Distribution
Percent of People with Each Score
Percentile by Number Answered
Your Score History
You have not taken this quiz